[Event "Yerevan ol (Men)"]
[Site "Yerevan"]
[Date "1996.??.??"]
[Round "9"]
[White "Kempinski, Robert"]
[Black "Asrian, Karen"]
[Result "0-1"]
[WhiteElo "2510"]
[BlackElo "2380"]

1.d4 d5 2.Nf3 Nf6 3.c4 e6 4.Nc3 Be7 5.Bf4 O-O 6.e3 c6 7.Qc2 Nbd7 8.h3 Re8
9.Bd3 Nf8 10.O-O Ng6 11.Bh2 Bd6 12.Bxd6 Qxd6 13.Bxg6 hxg6 14.e4 Qd8 15.e5 Nh7
16.Qd2 b6 17.Rfe1 Ba6 18.c5 bxc5 19.dxc5 Qa5 20.Qe3 Rab8 21.Rab1 Nf8 22.a3 Red8
23.b4 Qc7 24.Red1 Bc4 25.Rd4 a5 26.h4 axb4 27.axb4 Ra8 28.h5 gxh5 29.Rh4 Ng6
30.Rxh5 Ra3 31.Nd4 Rda8 32.Qg3 Ra1 33.Nxe6 Rxb1+ 34.Nxb1 Qb8 35.Nd2 Qxb4
36.Qg5 Be2 37.f3 Bd3 38.Qe3 fxe6 39.Qxd3 Qxc5+ 40.Kh2 Kf7 41.f4 Qf2 42.Qb1 Qxf4+
43.Kh1 Qxd2 44.Rh3 Ra4 45.Rf3+ Rf4  0-1

[Event "SVK-ch int (Women)"]
[Site "Ziar nad Hronom"]
[Date "1996.??.??"]
[Round "7"]
[White "Petek Medic, Mirjana"]
[Black "Bekiarisova, Alena"]
[Result "1-0"]
[WhiteElo "2315"]
[BlackElo "2110"]

1.d4 d5 2.Nf3 Nf6 3.c4 e6 4.Nc3 Be7 5.Bf4 O-O 6.e3 c6 7.h3 Nbd7 8.cxd5 exd5
9.Bd3 Re8 10.O-O Nf8 11.Ne5 Bd6 12.Rc1 Ne6 13.Bg3 Ng5 14.f4 Nge4 15.Bh4 Qb6
16.Nxe4 Nxe4 17.Bxe4 dxe4 18.Nc4 Qc7 19.Nxd6 Qxd6 20.Rc2 f6 21.f5 Qd5 22.b3 Bd7
23.g4 b6 24.Bg3 Rad8 25.Qe2 Bc8 26.Rfc1 Bb7 27.Qc4 Qxc4 28.Rxc4 Rd5 29.b4 a5
30.Be1 a4 31.R4c2 g6 32.fxg6 hxg6 33.Bg3 Kg7 34.Bc7 Rb5 35.a3 Re7 36.Bf4 Rd5
37.h4 Re8 38.g5 f5 39.Be5+ Kf7 40.Kf2 Rc8 41.Kg3 Ke6 42.Kf4 Rf8 43.Rxc6+ Bxc6
44.Rxc6+ Kd7 45.Rxg6 b5 46.h5 Rf7 47.h6 Ke8 48.Rg8+  1-0

[Event "Hoogovens"]
[Site "Wijk aan Zee"]
[Date "1997.01.19"]
[Round "2"]
[White "Van Wely, Loek"]
[Black "Short, Nigel D"]
[Result "0-1"]
[WhiteElo "2645"]
[BlackElo "2690"]

1.d4 Nf6 2.c4 e6 3.Nf3 d5 4.Nc3 Be7 5.Bf4 O-O 6.e3 c5 7.dxc5 Bxc5 8.a3 Nc6
9.Qc2 Qa5 10.O-O-O Be7 11.g4 dxc4 12.Bxc4 e5 13.g5 exf4 14.gxf6 Bxf6 15.Nd5 Ne7
16.Nxf6+ gxf6 17.Rhg1+ Kh8 18.e4 b5 19.Bd5 Nxd5 20.exd5 b4 21.axb4 Qa1+ 22.Kd2 Qa6
23.Qc6 Rd8 24.Kc3 Bb7 25.Qxa6 Bxa6 26.Rd4 Rac8+ 27.Kd2 Bb7 28.Rc1 Rxc1 29.Kxc1 Kg7
30.Ne1 Rxd5 31.Rxd5 Bxd5 32.Nd3 f3 33.Kd2 Bc6 34.Nf4 f5 35.h4 Kf6 36.Ke3 Ke5
37.Nd3+ Kd5 38.Kf4 Ba4 39.Ne5 f6 40.Nxf3 Bc2 41.Nd2 Bd3 42.Ke3 Bc2 43.f3 Ke5
44.Nc4+ Kd5 45.Na5 Ba4 46.b3 Bb5 47.Kf4 Kd4 48.Kxf5 Kc3 49.f4 Kxb4 50.Nb7 Bc6
51.Nd8 Bd5 52.Kxf6 Kxb3 53.Ke5 Kc4 54.f5 a5 55.f6 a4 56.Nc6 Bg8 57.Ne7 Bf7
58.Nf5 a3 59.Nd6+ Kc5 60.Nxf7 a2 61.Ng5 a1=Q+ 62.Ke6 Qa6+ 63.Ke7 Qb7+ 64.Ke6 h6
65.f7 Qc8+ 66.Ke7 hxg5 67.hxg5 Qb7+ 68.Kf8 Kd6 69.Kg8 Qd5 70.g6 Ke7 71.Kh7 Qd8  0-1

[Event "RUS-Cup6"]
[Site "Krasnodar"]
[Date "1997.03.14"]
[Round "4"]
[White "Kobalija, Mihail"]
[Black "Asrian, Karen"]
[Result "1/2-1/2"]
[WhiteElo "2545"]
[BlackElo "2440"]

1.d4 d5 2.c4 e6 3.Nf3 Nf6 4.Nc3 Be7 5.Bf4 O-O 6.e3 c6 7.h3 Nbd7 8.Qc2 a6
9.Bd3 dxc4 10.Bxc4 b5 11.Be2 Bb7 12.O-O c5 13.Rfd1 Qb6 14.Ne5 Rfd8 15.Nxd7 Rxd7
16.dxc5 Qxc5 17.Rxd7 Nxd7 18.Rd1 Nf6 19.Qb3 Nd5 20.Ne4 Qb6 21.Bf3 Nxf4 22.exf4 Rd8
23.Rxd8+ Qxd8 24.Nf6+ Bxf6 25.Bxb7 Qb6 26.Be4 Qc7 27.g3 Qc1+ 28.Kg2 Qxb2
29.Qxb2 Bxb2 30.f5 e5 31.Bb7 a5 32.Bc6 b4 33.Kf3 Bd4 34.g4 Kf8 35.Ke4 Bxf2
36.Kxe5 Ke7 37.Ba4 Bg3+ 38.Kd5 Kf6 39.Ke4 Kg5 40.Kf3 Bc7 41.Bb3 f6 42.Bc2 Kh4
43.Kg2 h5 44.Bd1 Be5 45.Kf3 Kxh3 46.gxh5 Kh4 47.Ke4 Kg5 48.Bc2 Kxh5 49.Kd5 Kg5
50.Kc4 Bc7 51.Kb3 Kf4 52.a3 Bd6 53.axb4 Bxb4 54.Ka4 Kg5 55.Bb1 Bc3 56.Bc2 g6
57.fxg6 f5 58.Bxf5  1/2-1/2

[Event "SWZ-chT9697"]
[Site "SWZ"]
[Date "1997.03.23"]
[Round "?"]
[White "Sadeghi, Hassan"]
[Black "Donev, Ivo Hristov"]
[Result "0-1"]
[WhiteElo "2220"]
[BlackElo "2420"]

1.Nf3 d5 2.c4 e6 3.d4 Nf6 4.Nc3 Be7 5.Bf4 O-O 6.e3 b6 7.Qc2 Bb7 8.cxd5 Nxd5
9.Bd3 Nxf4 10.Bxh7+ Kh8 11.exf4 f5 12.Bg6 Bxf3 13.gxf3 Rf6 14.Rg1 Nd7 15.h4 Nf8
16.h5 Qxd4 17.Ne2 Qd5 18.Qxc7 Bb4+ 19.Kf1 Bd6 20.Qc3 Rd8 21.Rg5 Qb5 22.Rd1 Be5
23.Qxe5 Rxd1+ 24.Kg2 Qxe5 25.fxe5 Nxg6 26.exf6 Nh4+ 27.Kg3 gxf6 28.Kxh4 Rh1+  0-1

[Event "Hawaii op"]
[Site "Hawaii"]
[Date "1997.04.23"]
[Round "9"]
[White "Psakhis, Lev"]
[Black "Saidy, Anthony Fred"]
[Result "1-0"]
[WhiteElo "2610"]
[BlackElo "2415"]

1.c4 e6 2.d4 d5 3.Nc3 Be7 4.Nf3 Nf6 5.Bf4 O-O 6.e3 Nbd7 7.h3 dxc4 8.Bxc4 c5
9.dxc5 Bxc5 10.O-O Qe7 11.e4 e5 12.Bg5 Nb6 13.Bb3 Rd8 14.Qe2 h6 15.Bxf6 Qxf6
16.Rfd1 Bd7 17.Rd3 Bc6 18.Rad1 Be7 19.Nh2 Be8 20.Ng4 Qg5 21.Rf3 Rxd1+ 22.Qxd1 Rd8
23.Nd5 Nxd5 24.Bxd5 Bc6 25.Bxf7+ Kh8 26.Qe1 Qd2 27.Qxd2 Rxd2 28.Bg6 Bd6 29.Ne3 Rd4
30.g3 Bxe4 31.Bxe4 Rxe4 32.Rf7 Bc5 33.Rxb7 a6 34.Kg2 Bxe3 35.Kf3 Ra4 36.fxe3 Rxa2
37.Ke4 Ra5 38.h4 Kh7 39.h5 Rc5 40.g4 a5 41.Kf5 a4 42.Ra7 Rb5 43.Rxa4 Rxb2
44.Kxe5 Rg2 45.Rf4 Ra2 46.e4 Ra5+ 47.Ke6 Ra6+ 48.Kf5 Rf6+ 49.Ke5 Ra6 50.Rf8 Ra5+
51.Kf4 Ra1 52.Rb8 Rf1+ 53.Ke3 Rg1 54.e5 Re1+ 55.Kd4 Rd1+ 56.Kc5 Rc1+ 57.Kd6 Rd1+
58.Ke7 Rg1 59.e6 Rxg4 60.Kd6 Rd4+ 61.Ke5 Rd1 62.e7 Re1+ 63.Kd6 Rd1+ 64.Kc5 Rc1+
65.Kd4  1-0

[Event "FRA-chT9697 final"]
[Site "Clichy"]
[Date "1997.05.04"]
[Round "11"]
[White "Kallai, Gabor"]
[Black "Vaisser, Anatoli"]
[Result "1/2-1/2"]
[WhiteElo "2505"]
[BlackElo "2580"]

1.d4 d5 2.c4 e6 3.Nf3 Nf6 4.Nc3 Be7 5.Bf4 O-O 6.e3 c5 7.dxc5 Bxc5 8.a3 Nc6
9.Be2 dxc4 10.Qxd8 Rxd8 11.Bxc4 b6 12.Ke2 Bb7 13.Rhd1  1/2-1/2

[Event "RUS-Cup9"]
[Site "Novgorod"]
[Date "1997.06.12"]
[Round "2"]
[White "Razuvaev, Yuri S"]
[Black "Asrian, Karen"]
[Result "1/2-1/2"]
[WhiteElo "2565"]
[BlackElo "2440"]

1.d4 d5 2.c4 e6 3.Nc3 Nf6 4.Nf3 Be7 5.Bf4 O-O 6.e3 c6 7.h3 Nbd7 8.Qc2 Re8
9.Rd1 Nf8 10.Bd3 dxc4 11.Bxc4 Nd5 12.Bg3 Nxc3 13.bxc3 Bd6 14.Bxd6 Qxd6 15.O-O b6
16.Bd3 Qc7 17.c4 c5 18.Ng5 h6 19.Bh7+ Kh8 20.Be4 Rb8 21.Nf3 Bb7 22.Bxb7 Qxb7
23.d5 exd5 24.Rxd5 Nd7 25.Rfd1 Nf6 26.Rd6 Qe4 27.Qb3 Kg8 28.a4  1/2-1/2

[Event "RUS-Cup9"]
[Site "Novgorod"]
[Date "1997.06.19"]
[Round "7"]
[White "Landa, Konstantin"]
[Black "Asrian, Karen"]
[Result "0-1"]
[WhiteElo "2570"]
[BlackElo "2440"]

1.d4 d5 2.c4 e6 3.Nc3 Nf6 4.Nf3 Be7 5.Bf4 O-O 6.e3 c6 7.Qc2 Nbd7 8.h3 Re8
9.Rd1 Nf8 10.Ne5 Ne4 11.Bd3 f6 12.Nf3 f5 13.Ne5 Bf6 14.O-O Bxe5 15.Bxe5 Ng6
16.Bh2 Qg5 17.Ne2 Nh4 18.Nf4 Nf3+ 19.Kh1 Nxh2 20.Kxh2 Bd7 21.b4 Qe7 22.Qb2 Nd6
23.Rc1 b5 24.cxb5 cxb5 25.Rc5 a5 26.a3 Reb8 27.Kg1 axb4 28.axb4 Nc4 29.Bxc4 bxc4
30.Ne2 Be8 31.Nc3 Qa7 32.b5 Qa5 33.Qd2 Qa7 34.Rb1 Qb6 35.Qb2 Rb7 36.Qb4 Rba7
37.Kf1 Bd7 38.Ke2 h6 39.g4 fxg4 40.hxg4 Be8 41.Rb2 h5 42.g5 h4 43.f4 Ra1
44.Rb1 Rxb1 45.Qxb1 h3 46.Kf2 Qa5 47.Qb2 h2 48.Kg2 Qa3  0-1

[Event "Drury Lane"]
[Site "London"]
[Date "1997.06.20"]
[Round "5"]
[White "Pedersen, Steffen"]
[Black "Parker, Jonathan"]
[Result "1/2-1/2"]
[WhiteElo "2420"]
[BlackElo "2495"]

1.d4 d5 2.c4 e6 3.Nc3 Be7 4.Nf3 Nf6 5.Bf4 O-O 6.e3 c5 7.dxc5 Bxc5 8.a3 Nc6
9.Qc2 Qa5 10.O-O-O Bd7 11.h4 Rfc8 12.Kb1 Be8 13.Ng5 g6 14.h5 Bf8 15.hxg6 hxg6
16.g4 Bg7 17.f3 dxc4 18.Qh2 e5 19.Bg3 Rd8 20.Rc1 Qc5 21.Nce4 Nxe4 22.Nxe4 Qxe3
23.Qh7+ Kf8 24.Bh4 Qxf3 25.Bg2 Qd3+ 26.Ka1 Rd6 27.Rc3 Qd5 28.Nf6 Qxg2 29.Qg8+ Ke7
30.Nxe8+ Bf6 31.Bxf6+ Rxf6 32.Rh8 Qf1+ 33.Ka2 Nb4+ 34.axb4 Ra6+ 35.Ra3 Rxa3+
36.bxa3 Qe2+ 37.Kb1 Qd1+ 38.Ka2 Qd2+ 39.Kb1 Qd1+ 40.Ka2 Qb3+ 41.Ka1 Qxa3+
42.Kb1 Qxb4+ 43.Kc1 Qa3+ 44.Kb1 Qd3+ 45.Kc1 Qc3+  1/2-1/2

[Event "NLD-ch"]
[Site "Rotterdam"]
[Date "1997.06.30"]
[Round "8"]
[White "Sokolov, Ivan"]
[Black "Van der Sterren, Paul"]
[Result "1/2-1/2"]
[WhiteElo "2615"]
[BlackElo "2515"]

1.d4 d5 2.c4 e6 3.Nc3 Nf6 4.Nf3 Be7 5.Bf4 O-O 6.e3 c5 7.dxc5 Bxc5 8.cxd5 Nxd5
9.Nxd5 exd5 10.Bd3 Bb4+ 11.Ke2 Nc6 12.Qc2 g6 13.a3 Be7 14.h3 Bf6 15.Rac1 a5
16.Rhd1 Be6 17.Kf1 a4 18.Bb5 Qb6 19.Bxc6 bxc6 20.Be5 Bxe5 21.Nxe5 Rfc8 22.Qc5 Qxb2
23.Nxc6 Kg7 24.Qd4+ Qxd4 25.Nxd4 Bd7 26.Ke1 Rab8 27.Rxc8 Rxc8 28.Kd2 Rb8
29.Rc1 Rb2+ 30.Rc2 Rb1 31.Rc1 Rb2+ 32.Rc2 Rb1 33.Rc7 Be8 34.Rc1 Rb2+ 35.Rc2 Rb1
36.Rc1 Rb2+ 37.Rc2 Rb1 38.Rc8 Kf8 39.Rd8 Rf1 40.Ke2 Rc1 41.Kd2  1/2-1/2

[Event "Politiken Cup"]
[Site "Copenhagen"]
[Date "1997.07.10"]
[Round "6"]
[White "Einarsson, Bergsteinn"]
[Black "Rygaard, Michael"]
[Result "1-0"]
[WhiteElo "2195"]
[BlackElo "2205"]

1.d4 d5 2.c4 e6 3.Nc3 Nf6 4.Nf3 Be7 5.Bf4 O-O 6.e3 c6 7.cxd5 exd5 8.Qc2 Nbd7
9.Bd3 Re8 10.O-O Nf8 11.Rfe1 Ng6 12.Bg3 Bd6 13.Rad1 Bxg3 14.hxg3 Bg4 15.Be2 Rc8
16.Nd2 Bxe2 17.Rxe2 Rc7 18.Rde1 Rce7 19.Qd3 Ne4 20.Ncxe4 dxe4 21.Qa3 b6 22.Rc1 Qd5
23.Nc4 Rd7 24.Rec2 Rc8 25.b4 Rdc7 26.b5 cxb5 27.Nxb6 Rxc2 28.Rxc2  1-0

[Event "Politiken Cup"]
[Site "Copenhagen"]
[Date "1997.07.14"]
[Round "9"]
[White "Bradbury, Neil H"]
[Black "Sorensen, Torben"]
[Result "1/2-1/2"]
[WhiteElo "2335"]
[BlackElo "2300"]

1.d4 Nf6 2.Nf3 e6 3.c4 d5 4.Nc3 Be7 5.Bf4 O-O 6.e3 c5 7.Be2 Nc6 8.O-O cxd4
9.exd4 b6 10.a3 Bb7 11.Rc1 Rc8 12.cxd5 Nxd5 13.Bg3 Nxc3 14.Rxc3 Bf6 15.Rd3 Ba6
16.Rd2 Bxe2 17.Qxe2 Ne7 18.Qa6 Qd7 19.h3 Nd5 20.Re1 Rc6 21.Be5 Ra8 22.Qd3 Qb7
23.Qe4 Rac8 24.h4 Qe7 25.Rde2 h6 26.h5 Rc1 27.Rxc1 Rxc1+ 28.Kh2 Rc4 29.Bg3 Qd8
30.Qd3 Qc8 31.Ne5 Rc1 32.Qe4 Bxe5 33.dxe5 Qc4 34.Qf3 Rc2 35.Re4 Qf1 36.Bh4 Rc4
37.Rg4 Rxg4 38.Qxg4 Qc1 39.b4 Qb2 40.Qg3 Qd4 41.b5 Kf8 42.f3 Ne3 43.Qe1 Qxe5+
44.Bg3 Qxh5+ 45.Kg1 Nc4 46.Qb4+ Qc5+ 47.Qxc5+ bxc5 48.Bf2 Ke8 49.Bxc5 Nb6
50.Kf2 Kd7 51.Ke3 Kc7 52.Kd4 Kb7 53.Bf8 a6 54.bxa6+ Kxa6 55.Bxg7 h5 56.Bh6 Nd7
57.Ke4 Kb5 58.Bd2 Kc4 59.Kf4 Kd3 60.Bb4 Ke2 61.Kg3 Nb6 62.Bc5 Na4 63.Bd4 Kd3
64.Bf6 Ke3 65.Kh4 Kf2 66.Kxh5 Kxg2 67.f4 Kf3 68.Kg5 Ke4 69.Be5 Kd5 70.Kf6 Nc5
71.Kxf7 Kc4  1/2-1/2

[Event "Brasilia"]
[Site "Brasilia"]
[Date "1997.07.20"]
[Round "4"]
[White "Lima, Darcy"]
[Black "Pelikian, Jefferson"]
[Result "0-1"]
[WhiteElo "2475"]
[BlackElo "2385"]

1.d4 d5 2.c4 e6 3.Nc3 Nf6 4.Nf3 Be7 5.Bf4 O-O 6.Qc2 c5 7.dxc5 Qa5 8.O-O-O Bxc5
9.e3 Nc6 10.a3 Be7 11.Nd2 e5 12.Bg5 d4 13.Nb3 Qb6 14.exd4 Nxd4 15.Nxd4 exd4
16.Bxf6 Bxf6 17.Nd5 Qd8 18.Qd2 Bg4 19.Be2 Bxe2 20.Qxe2 Rc8 21.Kb1 g6 22.Rhe1 Kh8
23.Qd3 Bg7 24.Nf4 Re8 25.g3 Qd7 26.h4 h5 27.Re2 Rxe2 28.Qxe2 Kg8 29.Re1 Qf5+
30.Qd3 Qc5 31.Re4 a6 32.Qe2 Qf5 33.Ka2 Rd8 34.Nd3 Qc8 35.c5 Qd7 36.Kb1 Qd5
37.f3 Qc6 38.g4 hxg4 39.fxg4 Qd5 40.h5 Qg5 41.hxg6 Qxg6 42.Re7 Qc6 43.Qf2 Rf8
44.Qf5 a5 45.Qe4 Qc8 46.Rxb7 Re8 47.Qd5 Rf8 48.Qd7 Qa8 49.Qc7 Qa6 50.Kc2 Qc4+
51.Kd2 Bh6+  0-1

[Event "Wch U20"]
[Site "Zagan"]
[Date "1997.07.21"]
[Round "7"]
[White "Kacheishvili, Giorgi"]
[Black "Myc, Marcin"]
[Result "1-0"]
[WhiteElo "2550"]
[BlackElo "2350"]

1.d4 Nf6 2.c4 e6 3.Nf3 d5 4.Nc3 Be7 5.Bf4 O-O 6.e3 c5 7.dxc5 Bxc5 8.Be2 dxc4
9.Bxc4 a6 10.O-O b5 11.Bd3 Bb7 12.Ng5 Nbd7 13.Nce4 h6 14.Nxf6+ Nxf6 15.Nf3 Qb6
16.Qe2 Be4 17.Bxe4 Nxe4 18.Ne5 Rfd8 19.Rad1 Nf6 20.Qf3 Rxd1 21.Rxd1 Rd8 22.Rc1 Nd7
23.Nc6 Re8 24.b4 Bf8 25.Bc7 Qxc7 26.Ne7+ Bxe7 27.Rxc7 Nf6 28.Qb7 Nd5 29.Rc8 Rxc8
30.Qxc8+ Bf8 31.a3  1-0

[Event "Brasilia"]
[Site "Brasilia"]
[Date "1997.07.26"]
[Round "12"]
[White "Lima, Darcy"]
[Black "De Andrade, Waldomido"]
[Result "1-0"]
[WhiteElo "2475"]
[BlackElo "2285"]

1.Nf3 Nf6 2.c4 e6 3.Nc3 d5 4.d4 Be7 5.Bf4 O-O 6.Qc2 c6 7.e3 Nbd7 8.Rd1 Re8
9.h3 Qa5 10.a3 Ne4 11.Bd3 Ndf6 12.O-O Nxc3 13.bxc3 dxc4 14.Bxc4 Nd5 15.Bd3 g6
16.c4 Nxf4 17.exf4 Qxa3 18.c5 Qa5 19.h4 Qc7 20.g3 Kg7 21.h5 Bf6 22.Kg2 b6
23.Rh1 bxc5 24.Qxc5 Bb7 25.Be4 Qe7 26.Qc2 Rec8 27.g4 c5 28.Bxb7 Qxb7 29.dxc5 Qb4
30.g5 Bc3 31.hxg6 hxg6 32.Rh6 Qxc5 33.Nh4 Bd4 34.Qe4 Rd8 35.Nxg6 Qd5 36.Qxd5 Rxd5
37.Ne7 Rd7 38.Nc6 Rd6 39.Nxd4 Rad8 40.Nf5+  1-0

[Event "Bad Homburg"]
[Site "Bad Homburg"]
[Date "1997.07.28"]
[Round "3"]
[White "Gabriel, Christian"]
[Black "Lutz, Christopher"]
[Result "1/2-1/2"]
[WhiteElo "2575"]
[BlackElo "2590"]

1.Nf3 d5 2.d4 Nf6 3.c4 e6 4.Nc3 Be7 5.Bf4 O-O 6.e3 c5 7.dxc5 Bxc5 8.a3 Nc6
9.Qc2 Qa5 10.O-O-O Be7 11.Nd2 Qb6 12.Nb3 Na5 13.Nxa5 Qxa5 14.e4 dxe4 15.Nxe4 Nxe4
16.Qxe4 Bxa3 17.bxa3 Qc3+ 18.Qc2 Qa1+ 19.Qb1 Qc3+ 20.Qc2  1/2-1/2

[Event "MK Cafe op-A"]
[Site "Koszalin"]
[Date "1997.08.04"]
[Round "2"]
[White "Agamaliev, Djamil"]
[Black "Smagacz, Dariusz"]
[Result "1-0"]
[WhiteElo "2480"]
[BlackElo "2225"]

1.d4 d5 2.c4 e6 3.Nf3 Nf6 4.Nc3 Be7 5.Bf4 O-O 6.e3 c5 7.dxc5 Bxc5 8.Qc2 Nc6
9.a3 Be7 10.O-O-O Qa5 11.g4 dxc4 12.Bxc4 e5 13.g5 exf4 14.gxf6 Bxf6 15.Nd5 Ne7
16.Nxf6+ gxf6 17.Rhg1+ Kh8 18.Qe4 Ng6 19.Qd4 Qb6 20.Qxb6 axb6 21.Rd6 fxe3
22.fxe3 Bf5 23.Rxf6 Be6 24.Bd3 Rfd8 25.Nd4 Ne5 26.Bc2 Nd7 27.Rh6 Nf8 28.Nxe6 fxe6
29.Kb1 Rac8 30.Rg2 Rc7 31.Rf6 Rg7 32.Rgf2 Kg8 33.Bb3 Rg6 34.Rf7 Rg7 35.Rxf8+  1-0

[Event "TCN Cup 3rd "]
[Site "Beijing"]
[Date "1997.08.11"]
[Round "2"]
[White "Alterman, Boris"]
[Black "Liang Jinrong"]
[Result "1-0"]
[WhiteElo "2615"]
[BlackElo "2425"]

1.d4 d5 2.c4 e6 3.Nc3 Be7 4.Nf3 Nf6 5.Bf4 O-O 6.e3 c5 7.dxc5 Bxc5 8.a3 Nc6
9.Qc2 Qa5 10.O-O-O dxc4 11.Bxc4 a6 12.Ng5 Be7 13.Bd3 g6 14.h4 Ne5 15.h5 Nxd3+
16.Rxd3 e5 17.Nxh7 exf4 18.Nxf8 Bxf8 19.hxg6 fxg6 20.Rd5 Qc7 21.Rg5 Bg7 22.Qxg6 Qf7
23.Rh8+  1-0

[Event "FRA-ch"]
[Site "Narbonne"]
[Date "1997.08.22"]
[Round "7"]
[White "Relange, Eloi"]
[Black "Bricard, Emmanuel"]
[Result "1-0"]
[WhiteElo "2505"]
[BlackElo "2350"]

1.d4 Nf6 2.Nf3 d5 3.c4 e6 4.Nc3 Be7 5.Bf4 O-O 6.e3 Nbd7 7.Be2 dxc4 8.Bxc4 c5
9.O-O a6 10.a4 Nb6 11.Bb3 cxd4 12.Nxd4 Bb4 13.Qf3 Bxc3 14.bxc3 Nbd5 15.Be5 Nxc3
16.Rac1 Nce4 17.Rfd1 Qa5 18.Bc7 Qg5 19.Bf4 Qa5 20.Bc7 Qg5 21.Qf4 Qxf4 22.exf4 Nd5
23.Bxd5 exd5 24.f3 Nf6 25.Bd6 Re8 26.a5 Bd7 27.Rc7 Rab8 28.Be5 Rec8 29.Rb1 Rxc7
30.Bxc7 Ra8 31.Rxb7 Bc8 32.Rb1 Ne8 33.Bb8 Kf8 34.f5 g6 35.fxg6 fxg6 36.g4 Ke7
37.Bf4 Kd7 38.Rb6 Ra7 39.Ne6 Ke7 40.Nc5 Ng7 41.Bd6+ Kd8 42.Be5 Ne8 43.Kf2 Nc7
44.Rd6+ Ke7 45.Rc6 Kd8 46.Ke3 Bd7 47.Rxc7 Rxc7 48.Bxc7+ Kxc7 49.Nxa6+ Kd6
50.Kd4 Bc6 51.f4  1-0

[Event "ST Lee Cup 4th"]
[Site "Beijing"]
[Date "1997.08.25"]
[Round "3"]
[White "Van Wely, Loek"]
[Black "Liang Jinrong"]
[Result "0-1"]
[WhiteElo "2655"]
[BlackElo "2425"]

1.d4 d5 2.c4 e6 3.Nc3 Nf6 4.Nf3 Be7 5.Bf4 O-O 6.e3 c5 7.dxc5 Bxc5 8.a3 Nc6
9.Qc2 Qa5 10.O-O-O Be7 11.Kb1 Rd8 12.Nd2 dxc4 13.Bxc4 Qf5 14.Nde4 Nxe4 15.Rxd8+ Bxd8
16.Nxe4 e5 17.Bg3 Qg6 18.Bd3 Qh6 19.Rd1 Be7 20.h4 Bg4 21.f3 Be6 22.Bf2 Rd8
23.g4 Bd5 24.Nd2 g6 25.h5 Bg5 26.Re1 gxh5 27.Rh1 Bxe3 28.Rxh5 Qf4 29.Bh4 Rd6
30.Bxh7+ Kf8 31.Bf5 Rh6 32.Rxh6 Qxh6 33.Be1 Qh1 34.Qc1 Nd4 35.Be4 Bxe4+ 36.fxe4 Kg7
37.Bg3 Qxc1+ 38.Kxc1 Ne2+ 39.Kc2 Nxg3 40.Nc4 Bd4 41.Kd3 Kf6 42.b4 b6 43.Nd6 a6  0-1

[Event "Terres Catalanes 15th"]
[Site "Ampuriabrava"]
[Date "1997.09.19"]
[Round "3"]
[White "Spraggett, Kevin"]
[Black "Ubilava, Elizbar"]
[Result "0-1"]
[WhiteElo "2575"]
[BlackElo "2520"]

1.Nf3 d5 2.d4 Nf6 3.c4 e6 4.Nc3 Be7 5.Bf4 O-O 6.e3 c5 7.dxc5 Bxc5 8.Be2 dxc4
9.Bxc4 Qxd1+ 10.Rxd1 Bb4 11.Nd4 a6 12.f3 Nbd7 13.Nc2 Bxc3+ 14.bxc3 b5 15.Bb3 Bb7
16.Bd6 Rfc8 17.Rd3 a5 18.a4 Ba6 19.axb5 Bxb5 20.c4 Bxc4 21.Bxc4 Rxc4 22.Ke2 Rac8
23.Na3 R4c6 24.Rb1 Nd5 25.Bg3 N7b6 26.Rb5 Nc4 27.Nxc4 Rxc4 28.Rb8 Rc2+ 29.Kd1 Rxb8
30.Bxb8 Rc8 31.Bg3 a4 32.e4 Nc3+ 33.Kd2 Nb5 34.Be5 f6 35.Ba1 e5 36.Rd7 Na3
37.Ra7 Rc2+ 38.Kd3 Rxg2 39.Rxa4 Rf2 40.Ra8+ Kf7  0-1

[Event "Hellir op"]
[Site "Reykjavik"]
[Date "1997.10.31"]
[Round "8"]
[White "Halldorsson, Bragi"]
[Black "Schmidt Schaeffer, Sebastian"]
[Result "1-0"]
[WhiteElo "2270"]
[BlackElo "2365"]

1.d4 d5 2.c4 e6 3.Nc3 Be7 4.Nf3 Nf6 5.Bf4 O-O 6.e3 c5 7.dxc5 Bxc5 8.a3 Nc6
9.b4 Be7 10.cxd5 Nxd5 11.Nxd5 exd5 12.Bd3 Bg4 13.O-O Bf6 14.Ra2 Re8 15.Rd2 Qb6
16.Be2 Ne7 17.Nd4 Bxe2 18.Qxe2 Ng6 19.Qd3 Nxf4 20.exf4 a5 21.g3 axb4 22.axb4 Qxb4
23.Rb1 Qe7 24.Nf5 Qc7 25.Qb5 d4 26.Nxd4 Red8 27.Nf3 Rxd2 28.Nxd2 h6 29.Qxb7 Qxb7
30.Rxb7 Bd4 31.Nf3 Bc5 32.Rc7 Ra1+ 33.Kg2 Ba7 34.Rc2 f6 35.f5 Kh7 36.Nh4 Bd4
37.Ng6 Ra4 38.Nf8+ Kg8 39.Rc8 Kf7 40.Ne6 Bb6 41.Rb8 Ba7 42.Rb7+ Kg8 43.f4 Ra2+
44.Kf3 Bg1 45.h4 h5 46.Nxg7 Ra3+ 47.Kg2 Bd4 48.Nxh5 Ra5 49.Ng7 Ra2+ 50.Kf3 Ra3+
51.Kg4 Kh8 52.Ne6 Bf2 53.Kh5 Rxg3 54.Ng5 fxg5 55.hxg5 Rd3 56.f6 Rd8 57.Kg6 Bd4
58.f5 Kg8 59.f7+ Kf8 60.f6 Rc8 61.Rb1  1-0

[Event "WchT 4th"]
[Site "Luzern"]
[Date "1997.11.01"]
[Round "8"]
[White "Vera, Reynaldo"]
[Black "Lputian, Smbat G"]
[Result "1/2-1/2"]
[WhiteElo "2530"]
[BlackElo "2585"]

1.d4 e6 2.c4 d5 3.Nc3 Be7 4.Nf3 Nf6 5.Bf4 c6 6.e3 Nbd7 7.h3 O-O 8.Rc1 a6
9.c5 b6 10.b4 a5 11.a3 axb4 12.axb4 bxc5 13.dxc5 Re8 14.Be2 Bf8 15.O-O e5
16.Bh2 Qc7 17.Qc2 Ba6 18.Bxa6 Rxa6 19.Ra1 Qb7 20.Rxa6 Qxa6 21.Rb1 Qc4 22.Nd2  1/2-1/2

[Event "RUS-Cup01 Chigorin mem"]
[Site "St Petersburg"]
[Date "1997.11.03"]
[Round "3"]
[White "Tulchinsky, Mikhail"]
[Black "Lugovoi, Aleksei"]
[Result "0-1"]
[WhiteElo "2305"]
[BlackElo "2520"]

1.d4 d5 2.c4 e6 3.Nc3 Be7 4.Nf3 Nf6 5.Bf4 O-O 6.e3 c5 7.Qc2 cxd4 8.exd4 Nc6
9.a3 dxc4 10.Rd1 Nd5 11.Bc1 Nxc3 12.bxc3 b5 13.g3 Bb7 14.Bg2 Na5 15.h4 Bd5
16.Ng5 g6 17.f3 Nb3 18.Be3 a5 19.Kf2 b4 20.Nxh7 Kxh7 21.h5 f5 22.hxg6+ Kxg6
23.Rh6+ Kf7 24.g4 Ke8 25.gxf5 Rxf5 26.Rh8+ Bf8 27.Rdh1 Ra7 28.R1h6 Raf7 29.cxb4 axb4
30.axb4 Qa8 31.Kg3 Qa6 32.f4 Rg7+ 33.Kh4 Rxg2 34.Qxf5 exf5 35.Rxf8+ Kxf8
36.Rxa6 Re2 37.Rf6+ Ke7 38.Rxf5 Rxe3 39.Rxd5 c3  0-1

[Event "AUT-chT 9798"]
[Site "Austria"]
[Date "1997.11.08"]
[Round "4"]
[White "Bawart, Markus"]
[Black "Steiner, Guenter"]
[Result "1/2-1/2"]
[WhiteElo "2325"]
[BlackElo "2205"]

1.Nf3 d5 2.d4 Nf6 3.c4 e6 4.Nc3 Be7 5.Bf4 O-O 6.e3 c5 7.a3 cxd4 8.exd4 Nc6
9.c5 Ne4 10.Qc2 Qa5 11.Bd3 f5 12.h4 Bf6 13.Be3 e5 14.dxe5 Nxe5  1/2-1/2

[Event "BCF-chT 97/98 (4NCL)"]
[Site "GBR"]
[Date "1997.11.23"]
[Round "4"]
[White "Mah, Karl"]
[Black "Merriman, John"]
[Result "1/2-1/2"]
[WhiteElo "2340"]
[BlackElo "2255"]

1.d4 e6 2.c4 Nf6 3.Nf3 d5 4.Nc3 Be7 5.Bf4 O-O 6.e3 c6 7.Bd3 Nbd7 8.h3 dxc4
9.Bxc4 b5 10.Bd3 Bb7 11.O-O b4 12.Na4 c5 13.Rc1 Rc8 14.Qe2 Qa5 15.Nxc5 Bxc5
16.dxc5 Nxc5 17.Bb5 Rfd8 18.Be5 Nfe4 19.Nd4 f6 20.Bh2 Nd6 21.Rxc5 Rxc5 22.Nxe6 Rxb5
23.Nxd8 Qxd8 24.Bxd6 Rg5 25.Bg3 Qd5  1/2-1/2

[Event "FIDE Candidates (Women)"]
[Site "Groningen"]
[Date "1997.12.10"]
[Round "2"]
[White "Peng, Zhaoqin"]
[Black "Maric, Alisa"]
[Result "1/2-1/2"]
[WhiteElo "2400"]
[BlackElo "2460"]

1.Nf3 Nf6 2.c4 e6 3.Nc3 d5 4.d4 Be7 5.Bf4 O-O 6.e3 c5 7.dxc5 Bxc5 8.Qc2 Nc6
9.a3 Qa5 10.O-O-O Be7 11.h4 Rd8 12.Nd2 dxc4 13.Nxc4 Rxd1+ 14.Qxd1 Qd8 15.Qxd8+ Bxd8
16.Be2 Nd5 17.Nxd5 exd5 18.Nd6 Bc7 19.Rd1 Bxd6 20.Bxd6 Be6 21.b4 f6 22.Kb2 Rd8
23.Bc5 b6 24.Bd4 Ne5 25.a4 Kf7 26.Kb3 Rc8 27.Ra1 Nc4 28.Ra2 Bf5 29.Bf3 Ke6
30.Bc3 Ne5 31.Bxe5 fxe5 32.a5 Rc1 33.axb6 Rb1+ 34.Ka4 axb6 35.Rd2 e4 36.Be2 Ke5
37.Kb5 Kd6 38.Kxb6 Rxb4+ 39.Ka5 Rb1 40.Bc4 Be6 41.Ka4 Rh1 42.g3 Kc5 43.Ba2 Rc1
44.Ka3 Kd6 45.Kb2 Rc7 46.Bb3 Ke5 47.Rd4 Rc5 48.Rd2 Rc7  1/2-1/2

[Event "Rishon Le Ziyyon 9798"]
[Site "Rishon Le Ziyyon"]
[Date "1997.12.25"]
[Round "1"]
[White "Postniy, Evgeny"]
[Black "Mikhalevski, Alexander"]
[Result "1/2-1/2"]
[WhiteElo "2175"]
[BlackElo "2470"]

1.d4 d5 2.c4 e6 3.Nc3 Be7 4.Nf3 Nf6 5.Bf4 O-O 6.e3 c5 7.dxc5 Bxc5 8.cxd5 exd5
9.Be2 Nc6 10.O-O Be6 11.Nb5 Ne4 12.Rc1 Rc8 13.a3 Qf6 14.b4 Bb6 15.Nd6 Nxd6
16.Bxd6 Rfd8 17.Bc5 Bxc5 18.Rxc5 d4 19.exd4 Nxd4 20.Rxc8 Nxe2+ 21.Qxe2 Rxc8
22.Qe3 b6 23.Rc1 Rd8 24.Qe5 Qxe5 25.Nxe5 Kf8 26.f4 f6 27.Nf3 Rd3 28.a4 Bg4
29.Rc7 Bxf3 30.gxf3 Rxf3 31.Rxa7 Rxf4 32.b5 Rb4 33.Kf2 f5 34.Kf3 Kg8 35.h3 h6
36.Ra6 Kh7 37.Rxb6 Rxa4 38.Rc6 Rb4 39.b6 g5 40.Rf6 Rb3+ 41.Kg2 Rb5 42.h4 Kg7
43.hxg5 hxg5 44.Rc6 Rb3 45.Kf2 Kf7 46.Kg2 Ke7 47.Kf2 Rd3 48.Rc5  1/2-1/2

[Event "Rishon Le Ziyyon 9798"]
[Site "Rishon Le Ziyyon"]
[Date "1997.12.31"]
[Round "7"]
[White "Goldin, Alexander"]
[Black "Mikhalevski, Alexander"]
[Result "1/2-1/2"]
[WhiteElo "2595"]
[BlackElo "2470"]

1.d4 d5 2.c4 e6 3.Nf3 Nf6 4.Nc3 Be7 5.Bf4 O-O 6.e3 c5 7.dxc5 Bxc5 8.Qc2 Nc6
9.a3 Qa5 10.O-O-O Be7 11.h4 Rd8 12.Kb1 Bd7 13.g4 dxc4 14.Bxc4 Be8 15.g5 Nh5
16.Bh2 Rac8 17.Be2 f6 18.Qb3 Bg6+ 19.e4 Kh8 20.Qxb7 e5 21.Rxd8+ Qxd8 22.Rd1 Qc7
23.Qxc7 Rxc7 24.Ka2 Bc5 25.Bb5 h6 26.gxf6 gxf6 27.Rd2 Rc8 28.Bd3 Rd8 29.Nd5 Ne7
30.Nxe7 Bxe7 31.b4 Ng7 32.Bc2 Rc8 33.Kb2 Rc7 34.Bg3 Ne6 35.Bd3 Bh5 36.Nxe5 fxe5
37.Bxe5+ Kg8 38.Bxc7 Nxc7  1/2-1/2